| 000 | 01021nac a22003017a 4500 | ||
|---|---|---|---|
| 001 | BR8107264 | ||
| 003 | BR-BrBNA | ||
| 005 | 20240105115126.0 | ||
| 008 | 230509b bl.|||m| |||| 00| 0 por d | ||
| 040 |
_aBR-BrBNA _bpor _cBiblioteca Nacional de Agricultura |
||
| 072 | _aF00 | ||
| 090 | _a2110 BR8107264 | ||
| 100 | 1 | _aSilva, I.C. | |
| 100 | 1 | _aCarvalho, C.J.R. de | |
| 110 | 1 |
_aComissao Executiva do Plano da Lavoura Cacaueira, Belem, PA (Brasil). Depto. Especial da Amazonia _92095 |
|
| 245 | 1 | _aSombreamento para cacaueiros [pratica cultural, Brasil] | |
| 260 | 3 |
_aBelem, PA (Brasil): _c1981. |
|
| 300 | _a27 p. | ||
| 490 |
_aComunicado Tecnico - Comissao Executiva do Plano da Lavoura Cacaueira. Depto. Especial da Amazonia (Brazil) _vno. 21 _x |
||
| 500 | _a35 ref.; 5 graphs; Summaries (En, Pt) | ||
| 650 | _aCACAU | ||
| 650 | _aMANEJO | ||
| 650 | _aPRATICA CULTURAL | ||
| 650 | _aSOMBREAMENTO | ||
| 650 | _aAMAZONIA | ||
| 909 |
_a202312 _bLúcia Elande _c55 _dLúcia Elande |
||
| 942 |
_2AGRIS _n0 _cMS |
||
| 999 |
_c273203 _d273203 |
||